|
|
|
|
| LEADER |
00811cam a2200229 i 4500 |
| 001 |
0000150579 |
| 005 |
20260116090000.0 |
| 008 |
260116t2010 my a e may |
| 020 |
|
|
|a 9789675489853
|q paperback
|c RM19.90
|
| 040 |
|
|
|a RMC
|b eng
|c RMC
|e rda
|
| 090 |
0 |
0 |
|a FM
|b JUN
|
| 100 |
1 |
|
|a JUNIE OCTOVIAN
|e author
|
| 245 |
1 |
0 |
|a DIINTAI RINDU
|c JUNIE OCTOVIAN
|
| 264 |
|
1 |
|a Shah Alam ,Selangor
|b Grup Buku Karangkraf
|
| 300 |
|
|
|a 522pages
|c 19cm
|
| 336 |
|
|
|a text
|2 rdacontent
|
| 337 |
|
|
|a unmediated
|2 rdamedia
|
| 338 |
|
|
|a volume
|2 rdacarrier
|
| 650 |
1 |
0 |
|a Malaysian fiction (Malay)
|
| 852 |
1 |
|
|a RMC
|
| 999 |
|
|
|a 0000034906
|b Royal Military College
|d BOOKS
|e Umum
|f Royal Military College
|j AVAILABLE
|q GOOD CONDITION
|
| 999 |
|
|
|a 0000034933
|b Royal Military College
|d BOOKS
|e Umum
|f Royal Military College
|j AVAILABLE
|q GOOD CONDITION
|